[Event "EWICC 2019"]
[Site "Antalya"]
[Date "2019.04.21"]
[Round "10.31"]
[White "Osmanodja, Filiz"]
[Black "Melia, Salome"]
[Result "0-1"]
[WhiteElo "2292"]
[BlackElo "2393"]
[Annotator "NA"]
[PlyCount "80"]
[EventDate "2019.04.11"]
[EventType "swiss"]
[EventCountry "TUR"]
[SourceTitle "playchess.com"]
[Source "ChessBase"]
[SourceQuality "1"]

1. e4 c5 2. Nc3 Nc6 3. Nf3 g6 4. d4 cxd4 5. Nxd4 Bg7 6. Be3 Nf6 7. Bc4 O-O 8. Bb3 Re8 9. O-O d6 10. h3 Na5 11. f4 b6 12. e5 dxe5 13. fxe5 Nxb3 14. axb3 Nd5 15. Qf3 Nxe3 16. Qxe3 Bb7 17. Rad1 Qc7 18. e6 f5 19. Ncb5 Qe5 20. Qxe5 Bxe5 21. Rfe1 Bg3 22. Re3 Bf4 23. Rc3 Red8 24. g3 Be5 25. Re3 Be4 26. c3 a6 27. Na3 b5 28. b4 Rd6 29. Ra1 Rxd4 30. cxd4 Bxd4 31. Kf2 Rd8 32. Ke2 Bxe3 33. Kxe3 Rd3+ 34. Kf2 Rf3+ 35. Ke2 Rxg3 36. h4 Rg2+ 37. Ke3 Rxb2 38. h5 Kg7 39. hxg6 hxg6 40. Kf4 Kf6 0-1

[Event "EWICC 2019"]
[Site "Antalya"]
[Date "2019.04.21"]
[Round "10.32"]
[White "Calzetta Ruiz, Monica"]
[Black "Vega Gutierrez, Sabrina"]
[Result "0-1"]
[WhiteElo "2283"]
[BlackElo "2391"]
[Annotator "NA"]
[PlyCount "70"]
[EventDate "2019.04.11"]
[EventType "swiss"]
[EventCountry "TUR"]
[SourceTitle "playchess.com"]
[Source "ChessBase"]
[SourceQuality "1"]

1. c4 e5 2. g3 Nf6 3. Bg2 d5 4. cxd5 Nxd5 5. Nc3 Nb6 6. Nf3 Nc6 7. O-O Be7 8. Rb1 f5 9. d3 Be6 10. b4 Bf6 11. Bd2 O-O 12. a4 a5 13. bxa5 Nxa5 14. Qc2 Qe7 15. Rfc1 Qf7 16. Nb5 Nb3 17. Rd1 Nxa4 18. Qxc7 e4 19. Ne5 Qe8 20. Nd6 Qd8 21. Qxd8 Rfxd8 22. Nec4 b5 23. Nxb5 Bxc4 24. Bf4 Bxb5 25. Rxb3 Nc3 26. Re1 Nxe2+ 27. Rxe2 Ra1+ 28. Bf1 Bxd3 29. Kg2 g5 30. Bc7 Rd7 31. Bb6 Rb7 32. Rb4 f4 33. Rbxe4 Bxe4+ 34. Rxe4 Rxb6 35. Bc4+ Kg7 0-1

[Event "EWICC 2019"]
[Site "Antalya"]
[Date "2019.04.21"]
[Round "10.33"]
[White "Mamedjarova, Zeinab"]
[Black "Majdan, Joanna"]
[Result "0-1"]
[WhiteElo "2280"]
[BlackElo "2377"]
[Annotator "NA"]
[PlyCount "82"]
[EventDate "2019.04.11"]
[EventType "swiss"]
[EventCountry "TUR"]
[SourceTitle "playchess.com"]
[Source "ChessBase"]
[SourceQuality "1"]

1. d4 Nf6 2. Nf3 g6 3. g3 Bg7 4. Bg2 O-O 5. O-O d5 6. c4 dxc4 7. Na3 Nbd7 8. Nxc4 Nb6 9. Nfe5 c6 10. b3 Nxc4 11. Nxc4 Be6 12. Bb2 a5 13. a4 Bd5 14. Bh3 Ne4 15. f3 Ng5 16. Bg2 Ne6 17. Ne3 c5 18. Nxd5 Qxd5 19. f4 Bxd4+ 20. Kh1 Qd6 21. Bxd4 Nxd4 22. e3 Nf5 23. Qe1 Qd3 24. Bxb7 Ra7 25. Bc6 Qxb3 26. Rc1 Rc8 27. Rc3 Qb4 28. Bg2 e6 29. Qa1 Rb8 30. Rfc1 Rc7 31. Bf3 Nd6 32. R3c2 c4 33. Qe5 Qc5 34. g4 Rb3 35. Rc3 Qxe5 36. fxe5 Rxc3 37. Rxc3 Nc8 38. Rc1 Nb6 39. Bd1 Nd7 40. Rb1 Nxe5 41. Kg1 c3 0-1

[Event "EWICC 2019"]
[Site "Antalya"]
[Date "2019.04.21"]
[Round "10.34"]
[White "Olsarova, Karolina"]
[Black "Zhukova, Natalia"]
[Result "1/2-1/2"]
[WhiteElo "2264"]
[BlackElo "2356"]
[Annotator "NA"]
[PlyCount "84"]
[EventDate "2019.04.11"]
[EventType "swiss"]
[EventCountry "TUR"]
[SourceTitle "playchess.com"]
[Source "ChessBase"]
[SourceQuality "1"]

1. e4 e5 2. Nf3 Nc6 3. Bb5 a6 4. Ba4 Nf6 5. O-O b5 6. Bb3 Bb7 7. d3 Be7 8. Nc3 O-O 9. Re1 d6 10. a3 Na5 11. Ba2 c5 12. Ne2 Bc8 13. Ng3 Be6 14. h3 Qd7 15. Be3 h6 16. c3 Bxa2 17. Rxa2 Qe6 18. Qb1 Nb3 19. d4 Rfc8 20. d5 Qd7 21. Nd2 c4 22. Nxb3 cxb3 23. Ra1 Rc4 24. Qd3 a5 25. Rf1 Nh7 26. Qd1 a4 27. Qg4 Qxg4 28. hxg4 g6 29. f3 Kg7 30. Kh2 Nf6 31. Rh1 Nd7 32. Kg1 Rh8 33. Kf2 Bd8 34. Ke2 Bb6 35. Bd2 Rcc8 36. Rh3 Rh7 37. Rah1 Rch8 38. Rc1 Rc8 39. Rch1 Rch8 40. Rc1 Rc8 41. Rch1 Rch8 42. Rc1 Bc5 1/2-1/2

[Event "EWICC 2019"]
[Site "Antalya"]
[Date "2019.04.21"]
[Round "10.35"]
[White "Mammadova, Gulnar"]
[Black "Mikadze, Miranda"]
[Result "1/2-1/2"]
[WhiteElo "2349"]
[BlackElo "2266"]
[Annotator "NA"]
[PlyCount "37"]
[EventDate "2019.04.11"]
[EventType "swiss"]
[EventCountry "TUR"]
[SourceTitle "playchess.com"]
[Source "ChessBase"]
[SourceQuality "1"]

1. e4 e6 2. d4 d5 3. Nc3 Nf6 4. Bg5 Bb4 5. exd5 Qxd5 6. Bxf6 Bxc3+ 7. bxc3 gxf6 8. Nf3 b6 9. c4 Qe4+ 10. Qe2 Bb7 11. O-O-O Rg8 12. Qxe4 Bxe4 13. Nd2 Bb7 14. f3 Nc6 15. c3 Ke7 16. g4 h5 17. h3 f5 18. gxf5 exf5 19. Bd3 1/2-1/2

[Event "EWICC 2019"]
[Site "Antalya"]
[Date "2019.04.21"]
[Round "10.36"]
[White "Solozhenkina, Elizaveta"]
[Black "Ghukasyan, Siranush"]
[Result "0-1"]
[WhiteElo "2330"]
[BlackElo "2201"]
[Annotator "NA"]
[PlyCount "78"]
[EventDate "2019.04.11"]
[EventType "swiss"]
[EventCountry "TUR"]
[SourceTitle "playchess.com"]
[Source "ChessBase"]
[SourceQuality "1"]

1. Nf3 d5 2. g3 Bg4 3. Bg2 Nd7 4. c4 e6 5. cxd5 exd5 6. O-O Bc5 7. Qb3 Ngf6 8. Qxb7 Rb8 9. Qc6 O-O 10. Nc3 Rb6 11. Qa4 Rb4 12. Qd1 d4 13. Na4 d3 14. exd3 Bd4 15. Qc2 Bxf3 16. Bxf3 Ne5 17. Be4 Nfg4 18. Nc5 Nxf2 19. Kg2 Nxe4 20. Nxe4 f5 21. a3 Rb6 22. b4 Bxa1 23. Qa2+ Kh8 24. Qxa1 fxe4 25. Qxe5 Rxf1 26. Kxf1 Rf6+ 27. Kg1 exd3 28. Bb2 Rf7 29. Bd4 Re7 30. Qf4 Re1+ 31. Kg2 Qd5+ 32. Kh3 Qh5+ 33. Kg2 Re2+ 34. Bf2 h6 35. g4 Qd5+ 36. Kh3 Qg5 37. Qf3 Qf6 38. Qa8+ Kh7 39. Be3 c6 0-1

[Event "EWICC 2019"]
[Site "Antalya"]
[Date "2019.04.21"]
[Round "10.37"]
[White "Beydullayeva, Govhar"]
[Black "Chernyak, Viktoria"]
[Result "0-1"]
[WhiteElo "2316"]
[BlackElo "2252"]
[Annotator "NA"]
[PlyCount "92"]
[EventDate "2019.04.11"]
[EventType "swiss"]
[EventCountry "TUR"]
[SourceTitle "playchess.com"]
[Source "ChessBase"]
[SourceQuality "1"]

1. c4 c6 2. Nf3 d5 3. e3 Nf6 4. Nc3 g6 5. d4 Bg7 6. Bd3 O-O 7. O-O c5 8. dxc5 dxc4 9. Bxc4 Nbd7 10. Ng5 h6 11. Nge4 Nxe4 12. Nxe4 Qc7 13. Qc2 Ne5 14. Be2 Bf5 15. Bd2 Qc6 16. f3 b6 17. Rac1 Rfd8 18. Rfd1 bxc5 19. Qxc5 Bxe4 20. fxe4 Qxe4 21. Qb4 Qd5 22. Bc3 Qe6 23. Qf4 Rac8 24. Rxd8+ Rxd8 25. Bd4 h5 26. Qe4 Bf6 27. Bd1 Qxa2 28. Qb7 Qa5 29. b4 Qa3 30. Rc8 Rxc8 31. Qxc8+ Kg7 32. Qc5 Nd3 33. Qc4 Bxd4 34. Qxd4+ e5 35. Qc4 Nb2 36. Qc1 Qxb4 37. Be2 a5 38. Kf2 a4 39. Qc7 Qh4+ 40. Kf1 Qf6+ 41. Ke1 e4 42. Qa5 Nd3+ 43. Bxd3 Qa1+ 44. Kd2 exd3 45. e4 a3 46. e5 Qb2+ 0-1

[Event "EWICC 2019"]
[Site "Antalya"]
[Date "2019.04.21"]
[Round "10.39"]
[White "Lubbe, Melanie"]
[Black "Garifullina, Leya"]
[Result "1/2-1/2"]
[WhiteElo "2304"]
[BlackElo "2085"]
[Annotator "NA"]
[PlyCount "223"]
[EventDate "2019.04.11"]
[EventType "swiss"]
[EventCountry "TUR"]
[SourceTitle "playchess.com"]
[Source "ChessBase"]
[SourceQuality "1"]

1. e4 c5 2. Nf3 d6 3. d4 cxd4 4. Nxd4 Nf6 5. Nc3 a6 6. Be3 e5 7. Nf3 Be7 8. Bc4 O-O 9. O-O Nc6 10. Bb3 Be6 11. Bg5 Na5 12. Bxf6 Bxf6 13. Nd5 Nxb3 14. axb3 Rc8 15. c3 Bg5 16. Qd3 Bh6 17. Rfd1 f5 18. Nd2 Kh8 19. Nc4 b5 20. Nd2 Ra8 21. Nf1 Qb8 22. exf5 Bxf5 23. Qe2 Be6 24. b4 Ra7 25. Ng3 Raf7 26. Ne4 Qa8 27. Qd3 Qc6 28. f3 Bf5 29. Kh1 Bg6 30. Ra5 Bh5 31. Ng3 Bg6 32. Ne4 Bh5 33. Ng3 Bg6 34. Qe2 e4 35. fxe4 Bf4 36. Nxf4 Rxf4 37. Rda1 Bxe4 38. Rxa6 Qe8 39. h3 h6 40. Rxd6 Qe5 41. Rd2 Rh4 42. Nxe4 Rxe4 43. Qd1 Qb8 44. Rd4 Re6 45. Qg4 Ref6 46. Rg1 Rf2 47. b3 Qe5 48. Qe4 Qg3 49. Rd3 Qc7 50. Qd5 Qb8 51. Re3 R2f5 52. Qd4 Rf2 53. Re5 Rb2 54. c4 Rxb3 55. cxb5 Rd8 56. Qe4 Rbd3 57. Rf5 Qd6 58. Rgf1 Rb3 59. R5f4 Rb2 60. b6 Rd2 61. b7 Rd1 62. Rxd1 Qxd1+ 63. Kh2 Qd6 64. Kg1 Qc7 65. Rf1 Rb8 66. Kh1 Qd7 67. Rf2 Qd1+ 68. Kh2 Qd6+ 69. g3 Qd7 70. h4 Kg8 71. Ra2 Qxb7 72. Qxb7 Rxb7 73. Rb2 Kf7 74. Kg2 Ke6 75. Kf3 Kd5 76. b5 Rb6 77. Kf4 Kc4 78. Rb1 Kc3 79. Rc1+ Kd4 80. Rc7 g5+ 81. hxg5 hxg5+ 82. Kxg5 Rxb5+ 83. Kf4 Kd5 84. Re7 Kd6 85. Re1 Rb8 86. g4 Rf8+ 87. Kg5 Rg8+ 88. Kh4 Rh8+ 89. Kg3 Rg8 90. Re2 Kd5 91. Re7 Kd6 92. Re4 Kd5 93. Rf4 Ke5 94. Rf5+ Ke6 95. Kf4 Rg7 96. Re5+ Kf7 97. Kf5 Kg8 98. Re8+ Kh7 99. Rf8 Ra7 100. g5 Kg7 101. Rb8 Ra5+ 102. Kg4 Ra4+ 103. Kh5 Ra6 104. Rb5 Rc6 105. g6 Rc1 106. Rb7+ Kg8 107. Rb5 Kg7 108. Rb7+ Kg8 109. Kh6 Rh1+ 110. Kg5 Rg1+ 111. Kf6 Rf1+ 112. Kg5 1/2-1/2

[Event "EWICC 2019"]
[Site "Antalya"]
[Date "2019.04.21"]
[Round "10.40"]
[White "Utiatskaja, Irina"]
[Black "Batsiashvili, Nino"]
[Result "0-1"]
[WhiteElo "2210"]
[BlackElo "2453"]
[Annotator "ChessBase"]
[PlyCount "160"]
[EventDate "2019.04.11"]
[EventType "swiss"]
[EventCountry "TUR"]
[SourceTitle "playchess.com"]
[Source "ChessBase"]
[SourceQuality "1"]

1. c4 e6 2. Nf3 Nf6 3. g3 d5 4. Bg2 dxc4 5. Qa4+ Nbd7 6. Qxc4 c5 7. O-O b6 8. d3 Bb7 9. a4 Bd6 10. Qb3 Bd5 11. Qd1 e5 12. Nc3 Bc6 13. Nd2 Bxg2 14. Kxg2 h5 15. Nc4 Be7 16. h4 Qc7 17. Bg5 Rd8 18. Qb3 Qc6+ 19. f3 Ng8 20. Ne4 f6 21. Bd2 Nh6 22. Bxh6 Rxh6 23. Ncd6+ Qxd6 24. Nxd6+ Bxd6 25. a5 f5 26. axb6 axb6 27. e3 Rg6 28. f4 Rf6 29. Ra7 Ke7 30. fxe5 Bxe5 31. Qd5 Bb8 32. Rb7 g6 33. e4 Rd6 34. Qe5+ Re6 35. Qd5 Re5 36. Qa2 Kd6 37. Qa4 Bc7 38. d4 Rxe4 39. Rd1 Rxd4 40. Rxd4+ cxd4 41. Qxd4+ Kc6 42. Ra7 Nc5 43. Qg7 Rd2+ 44. Kh3 Bd6 45. b4 Ne4 46. Qb7+ Kb5 47. Ra5+ Kc4 48. Qc6+ Bc5 49. Qb5+ Kd4 50. Ra1 Nf2+ 51. Kg2 Nd3+ 52. Kf1 Nxb4 53. Qd7+ Nd5 54. Ke1 Rd3 55. Rd1 Rxd1+ 56. Kxd1 b5 57. Kc2 Kc4 58. Qe6 Bd4 59. Qc6+ Bc5 60. Qxg6 Ne3+ 61. Kb1 b4 62. Qa6+ Kc3 63. Qc6 Kc4 64. Kb2 Nd1+ 65. Kc1 Ne3 66. Qa6+ Kc3 67. Qa1+ Kd3 68. Qb2 Kc4 69. Qe2+ Kc3 70. Qd2+ Kc4 71. Qe2+ Kc3 72. Qxh5 b3 73. Qe2 Nc4 74. Qe1+ Kd3 75. Qf1+ Kc3 76. Qe1+ Kd3 77. Kb1 Nd2+ 78. Kc1 Be3 79. Qh1 Bd4 80. Qb7 b2+ 0-1

[Event "EWICC 2019"]
[Site "Antalya"]
[Date "2019.04.21"]
[Round "10.41"]
[White "Janzelj, Lara"]
[Black "Sargsyan, Anna M."]
[Result "1-0"]
[WhiteElo "2182"]
[BlackElo "2327"]
[Annotator "NA"]
[PlyCount "113"]
[EventDate "2019.04.11"]
[EventType "swiss"]
[EventCountry "TUR"]
[SourceTitle "playchess.com"]
[Source "ChessBase"]
[SourceQuality "1"]

1. d4 d5 2. c4 c6 3. Nf3 Nf6 4. Nc3 dxc4 5. a4 Bf5 6. Ne5 Nbd7 7. Nxc4 Qc7 8. g3 e5 9. dxe5 Nxe5 10. Bf4 Nfd7 11. Bg2 g5 12. Ne3 gxf4 13. Nxf5 O-O-O 14. Qc2 Nc5 15. O-O fxg3 16. hxg3 a5 17. Rfd1 Ne6 18. Rxd8+ Nxd8 19. Rc1 Ne6 20. e3 Kb8 21. Nd4 Bd6 22. Nxe6 fxe6 23. Qb3 Nd3 24. Rd1 Nc5 25. Qc4 e5 26. b4 axb4 27. Qxb4 h5 28. a5 Be7 29. Ne4 Na6 30. Qc4 Rd8 31. Rb1 Qxa5 32. Nc3 Nb4 33. Qf7 Qc7 34. Qxh5 Nd3 35. Qg6 Qd6 36. Qe4 Nb4 37. Na4 Nd5 38. Qc4 Rf8 39. Qb3 Nb4 40. Rd1 Qf6 41. Qb2 Kc7 42. Nc3 Qe6 43. Qa3 Kb8 44. Qa5 Qf5 45. Rd2 Qe6 46. Qb6 Qc8 47. Rb2 Nd3 48. Ra2 Bc5 49. Qa5 Bb4 50. Qa7+ Kc7 51. Na4 Qe6 52. Rc2 e4 53. Nc3 Bxc3 54. Rxc3 Nxf2 55. Qa5+ Kb8 56. Ra3 Rf5 57. Qd8+ 1-0

[Event "EWICC 2019"]
[Site "Antalya"]
[Date "2019.04.21"]
[Round "10.42"]
[White "Petrova, Irina"]
[Black "Injac, Teodora"]
[Result "1-0"]
[WhiteElo "2164"]
[BlackElo "2310"]
[Annotator "NA"]
[PlyCount "85"]
[EventDate "2019.04.11"]
[EventType "swiss"]
[EventCountry "TUR"]
[SourceTitle "playchess.com"]
[Source "ChessBase"]
[SourceQuality "1"]

1. d4 Nf6 2. Nf3 g6 3. c4 Bg7 4. Nc3 d6 5. e4 O-O 6. Be2 e5 7. d5 a5 8. Bg5 h6 9. Bh4 g5 10. Bg3 Nh5 11. Nd2 Nf4 12. O-O Na6 13. a3 Nc5 14. Bg4 Bxg4 15. Qxg4 h5 16. Qd1 h4 17. Bxf4 exf4 18. Qg4 Nd3 19. Nf3 Nxb2 20. Nxg5 Qf6 21. Ne2 Nd3 22. Rab1 Qg6 23. Qxh4 Bf6 24. Qh3 Ne5 25. Nf3 Qxe4 26. Nxe5 Bxe5 27. Qg4+ Qg6 28. Qxg6+ fxg6 29. Rxb7 Rfc8 30. Nc1 g5 31. Nd3 Bd4 32. h4 c6 33. hxg5 cxd5 34. cxd5 Rc3 35. Nxf4 Rxa3 36. Ne6 Bc3 37. f4 a4 38. f5 Rb3 39. Rd7 a3 40. f6 Rbb8 41. Rg7+ Kh8 42. Kf2 Rb2+ 43. Kf3 1-0

[Event "EWICC 2019"]
[Site "Antalya"]
[Date "2019.04.21"]
[Round "10.43"]
[White "Protopopova, Anastasiya"]
[Black "Ferkova, Dominika"]
[Result "1-0"]
[WhiteElo "2308"]
[BlackElo "1993"]
[Annotator "NA"]
[PlyCount "75"]
[EventDate "2019.04.11"]
[EventType "swiss"]
[EventCountry "TUR"]
[SourceTitle "playchess.com"]
[Source "ChessBase"]
[SourceQuality "1"]

1. d4 d5 2. c4 c6 3. Nf3 Nf6 4. g3 Bf5 5. Nc3 e6 6. Nh4 Bg4 7. h3 Bh5 8. Qb3 Qb6 9. g4 Bg6 10. Nxg6 hxg6 11. Bg2 Nbd7 12. e3 Qc7 13. Bd2 Nb6 14. cxd5 exd5 15. O-O-O O-O-O 16. Kb1 Bd6 17. Rc1 Nc4 18. Be1 Kb8 19. g5 Nh7 20. Nxd5 cxd5 21. Bxd5 Qb6 22. Bxc4 Qxb3 23. Bxb3 Nxg5 24. f4 Nxh3 25. Bxf7 Rh6 26. Bxg6 Rxg6 27. Rxh3 Re8 28. Kc2 Rc8+ 29. Bc3 Rg2+ 30. Kd3 Bb4 31. Rc2 Rxc2 32. Kxc2 b5 33. Kd3 Bf8 34. Rh5 a6 35. d5 Rd8 36. e4 Kb7 37. Rf5 b4 38. Bxg7 1-0

[Event "EWICC 2019"]
[Site "Antalya"]
[Date "2019.04.21"]
[Round "10.44"]
[White "Styazhkina, Anna"]
[Black "Radeva, Viktoria"]
[Result "1-0"]
[WhiteElo "2274"]
[BlackElo "2192"]
[Annotator "NA"]
[PlyCount "83"]
[EventDate "2019.04.11"]
[EventType "swiss"]
[EventCountry "TUR"]
[SourceTitle "playchess.com"]
[Source "ChessBase"]
[SourceQuality "1"]

1. e4 e6 2. d4 d5 3. Nd2 c5 4. Ngf3 cxd4 5. Nxd4 Nc6 6. Bb5 Bd7 7. Nxc6 bxc6 8. Bd3 Bd6 9. Qe2 Ne7 10. O-O Ng6 11. Nf3 O-O 12. c4 dxe4 13. Bxe4 Qc7 14. Rd1 Be7 15. Bg5 f6 16. Bd2 f5 17. Bc2 e5 18. c5 Be6 19. Bc3 e4 20. Nd4 Nf4 21. Qa6 Bd5 22. Bb3 Bxc5 23. Nxc6 Bxb3 24. axb3 Nd3 25. Rxd3 exd3 26. Qc4+ Rf7 27. Ne5 Bb6 28. Nxf7 Qxf7 29. Qxd3 Qxb3 30. Re1 Qf7 31. Re5 Rd8 32. Qe2 Qd7 33. Qc4+ Kh8 34. g3 h6 35. Qh4 Qc6 36. Qh5 f4 37. Re7 Rg8 38. Qf7 Bxf2+ 39. Kxf2 Qc5+ 40. Kg2 Qc6+ 41. Kh3 Qc8+ 42. g4 1-0

[Event "EWICC 2019"]
[Site "Antalya"]
[Date "2019.04.21"]
[Round "10.45"]
[White "Hapala, Elisabeth"]
[Black "Sedina, Elena"]
[Result "1-0"]
[WhiteElo "2140"]
[BlackElo "2271"]
[Annotator "NA"]
[PlyCount "52"]
[EventDate "2019.04.11"]
[EventType "swiss"]
[EventCountry "TUR"]
[SourceTitle "playchess.com"]
[Source "ChessBase"]
[SourceQuality "1"]

1. e4 e6 2. d4 d5 3. Nd2 a6 4. Bd3 c5 5. dxc5 Bxc5 6. Ngf3 Nc6 7. O-O Nge7 8. exd5 exd5 9. Nb3 Bd6 10. c3 O-O 11. Bc2 f6 12. h3 Ne5 13. Nbd4 Bd7 14. Bb3 Kh8 15. a4 Qc7 16. Nc2 Rad8 17. Ne3 Nxf3+ 18. Qxf3 Bc6 19. Qd1 Bc5 20. Nc2 Qb6 21. Nd4 Bxd4 22. cxd4 Nf5 23. Bc2 Nd6 24. a5 Qb4 25. b3 Nb5 26. Qh5 g6 1-0

[Event "EWICC 2019"]
[Site "Antalya"]
[Date "2019.04.21"]
[Round "10.46"]
[White "Zubova, Mariya"]
[Black "Heinemann, Josefine"]
[Result "0-1"]
[WhiteElo "2149"]
[BlackElo "2257"]
[Annotator "NA"]
[PlyCount "71"]
[EventDate "2019.04.11"]
[EventType "swiss"]
[EventCountry "TUR"]
[SourceTitle "playchess.com"]
[Source "ChessBase"]
[SourceQuality "1"]

1. e4 e5 2. Nf3 Nc6 3. Bb5 a6 4. Ba4 d6 5. c3 Bd7 6. O-O g6 7. d4 Bg7 8. Re1 Nge7 9. d5 Nb8 10. Bxd7+ Nxd7 11. c4 O-O 12. Be3 h6 13. Nfd2 f5 14. f3 Nf6 15. Nc3 c6 16. dxc6 bxc6 17. Bf2 Rb8 18. Nb3 Qc7 19. Qe2 a5 20. exf5 gxf5 21. c5 Nfd5 22. cxd6 Qxd6 23. Nxa5 Nf4 24. Qf1 Qg6 25. Nc4 e4 26. Rad1 Ned5 27. Bg3 Rbe8 28. Nxd5 Nxd5 29. fxe4 fxe4 30. Qe2 e3 31. Rf1 Bf6 32. a3 h5 33. Rf3 h4 34. Bd6 Be7 35. Rxf8+ Rxf8 36. Be5 0-1

[Event "EWICC 2019"]
[Site "Antalya"]
[Date "2019.04.21"]
[Round "10.47"]
[White "Soyunlu, Narmin"]
[Black "Rakhmangulova, Anastasiya"]
[Result "1-0"]
[WhiteElo "2064"]
[BlackElo "2255"]
[Annotator "NA"]
[PlyCount "65"]
[EventDate "2019.04.11"]
[EventType "swiss"]
[EventCountry "TUR"]
[SourceTitle "playchess.com"]
[Source "ChessBase"]
[SourceQuality "1"]

1. c4 c6 2. d4 d5 3. Nf3 Nf6 4. Qc2 e6 5. g3 Bd6 6. Nbd2 Nbd7 7. Bg2 O-O 8. O-O Re8 9. b3 e5 10. dxe5 Nxe5 11. Bb2 Nxf3+ 12. Nxf3 dxc4 13. bxc4 Qe7 14. Nd4 Ba3 15. Bxa3 Qxa3 16. Rab1 Qa6 17. Rfd1 Bg4 18. Rd2 Rad8 19. e4 Rd7 20. f3 Red8 21. Rbd1 Qb6 22. c5 Qb4 23. Rb1 Qa5 24. Rbd1 Be6 25. Bf1 a6 26. a4 Qb4 27. Rb1 Qa3 28. Rd3 Qa2 29. Qd1 h5 30. Nxe6 Rxd3 31. Bxd3 Qxe6 32. Qc2 h4 33. Bf1 1-0

[Event "EWICC 2019"]
[Site "Antalya"]
[Date "2019.04.21"]
[Round "10.48"]
[White "Gokbulut, Julia"]
[Black "Rodshtein, Tereza"]
[Result "0-1"]
[WhiteElo "2021"]
[BlackElo "2234"]
[Annotator "NA"]
[PlyCount "96"]
[EventDate "2019.04.11"]
[EventType "swiss"]
[EventCountry "TUR"]
[SourceTitle "playchess.com"]
[Source "ChessBase"]
[SourceQuality "1"]

1. d4 d5 2. c4 c6 3. Nf3 Nf6 4. e3 Bf5 5. Nc3 e6 6. Nh4 Be4 7. f3 Bg6 8. Nxg6 hxg6 9. Qb3 Qb6 10. Bd2 Be7 11. O-O-O Qxb3 12. axb3 Nbd7 13. Bd3 a6 14. c5 e5 15. Kc2 O-O-O 16. b4 Ne8 17. Ne2 Nc7 18. Bc3 Bf6 19. dxe5 Nxe5 20. Nd4 Nxd3 21. Kxd3 Rde8 22. Rde1 Ne6 23. Nxe6 fxe6 24. h3 Kd7 25. Rhf1 Bxc3 26. bxc3 e5 27. Re2 Rhf8 28. Ref2 Rf6 29. h4 Ref8 30. Ke2 Ke6 31. g4 Rh8 32. Rh1 g5 33. h5 Rhf8 34. Rhf1 Ra8 35. Ra1 Raf8 36. Raf1 Kd7 37. Kd2 Kc7 38. Kc2 b6 39. cxb6+ Kxb6 40. Kb3 Kb5 41. e4 dxe4 42. Ra1 Rxf3 43. Rfa2 Kb6 44. Rxa6+ Kc7 45. Ra7+ Kd6 46. Rxg7 e3 47. Re1 Kd5 48. Rxg5 Ke4 0-1

[Event "EWICC 2019"]
[Site "Antalya"]
[Date "2019.04.21"]
[Round "10.49"]
[White "Toma, Katarzyna"]
[Black "Ilyuchyk, Yana"]
[Result "1-0"]
[WhiteElo "2211"]
[BlackElo "2152"]
[Annotator "NA"]
[PlyCount "77"]
[EventDate "2019.04.11"]
[EventType "swiss"]
[EventCountry "TUR"]
[SourceTitle "playchess.com"]
[Source "ChessBase"]
[SourceQuality "1"]

1. e4 c5 2. Nc3 d6 3. g3 g6 4. Bg2 Bg7 5. d3 Nc6 6. Be3 Rb8 7. Qd2 b5 8. Nd1 b4 9. f4 Bb7 10. Ne2 Nf6 11. h3 Nd7 12. O-O Nd4 13. Nc1 O-O 14. c3 bxc3 15. bxc3 Nc6 16. f5 Nce5 17. Bh6 Ba6 18. Bxg7 Kxg7 19. Ne3 Kh8 20. Rf2 e6 21. d4 Nc4 22. Nxc4 Bxc4 23. dxc5 dxc5 24. Qf4 e5 25. Qe3 Qb6 26. Nb3 Bxb3 27. axb3 Qxb3 28. Rxa7 Rb7 29. Rxb7 Qxb7 30. Qh6 Rg8 31. Kh2 c4 32. Qh4 Qb6 33. fxg6 Qxg6 34. Bf1 Nc5 35. Bxc4 Nxe4 36. Rxf7 Nxc3 37. Rf2 Rc8 38. Qe7 Qg7 39. Rf7 1-0

[Event "EWICC 2019"]
[Site "Antalya"]
[Date "2019.04.21"]
[Round "10.50"]
[White "Aghasiyeva, Fidan"]
[Black "De Seroux, Camille"]
[Result "1-0"]
[WhiteElo "2209"]
[BlackElo "2151"]
[Annotator "NA"]
[PlyCount "213"]
[EventDate "2019.04.11"]
[EventType "swiss"]
[EventCountry "TUR"]
[SourceTitle "playchess.com"]
[Source "ChessBase"]
[SourceQuality "1"]

1. e4 c5 2. d3 Nc6 3. g3 g6 4. Bg2 Bg7 5. f4 b6 6. Nf3 Bb7 7. O-O d6 8. c3 Nf6 9. e5 Nd5 10. e6 fxe6 11. Ng5 Nc7 12. Re1 Qd7 13. Qg4 e5 14. Qe2 O-O 15. Bh3 e6 16. Na3 h6 17. Nf3 Ne7 18. Nc4 Rad8 19. a4 Qc6 20. Bg2 exf4 21. gxf4 Qe8 22. Kh1 Qf7 23. Rf1 Ncd5 24. Bd2 Nf5 25. Rae1 Rfe8 26. Qf2 Qf6 27. Rg1 Bc6 28. a5 b5 29. Na3 a6 30. c4 Nb4 31. Bc3 Qf7 32. Qd2 Bxc3 33. bxc3 Bxf3 34. Bxf3 Nh4 35. Be4 d5 36. Bxg6 Nxg6 37. Rxg6+ Qxg6 38. Rg1 Qxg1+ 39. Kxg1 Nc6 40. cxb5 axb5 41. Nxb5 Nxa5 42. f5 Kh7 43. Qf4 Rd7 44. Nc7 e5 45. Qa4 Rg8+ 46. Kf2 Rxc7 47. Qxa5 Rgg7 48. Qa8 Rcd7 49. Qc6 Rdf7 50. Qxd5 Rxf5+ 51. Ke2 Rgf7 52. Qe4 Kg7 53. Qg2+ Kf8 54. Qc6 Rf2+ 55. Ke3 Rxh2 56. Qxc5+ Re7 57. Qc8+ Kf7 58. Qf5+ Ke8 59. c4 Rh4 60. c5 Rf4 61. Qg6+ Ref7 62. Qe6+ Kd8 63. Qxh6 R4f5 64. Ke4 R7f6 65. Qd2 Kc8 66. Qa5 Kb7 67. Kd5 e4+ 68. Kxe4 Rf4+ 69. Ke3 Rf3+ 70. Kd2 Kc6 71. Qb6+ Kd5 72. Qa7 Rc6 73. Qb7 Kxc5 74. d4+ Kd6 75. Qb8+ Kd5 76. Qb5+ Kd6 77. Qe5+ Kd7 78. Qd5+ Rd6 79. Qxf3 Rxd4+ 80. Kc3 Rd6 81. Kc4 Rc6+ 82. Kb5 Re6 83. Qf5 Kd6 84. Kc4 Re5 85. Qf6+ Re6 86. Qd8+ Ke5 87. Qg5+ Kd6 88. Kd4 Kd7 89. Qf5 Kd6 90. Qc5+ Kd7 91. Kd5 Rf6 92. Qa7+ Ke8 93. Ke5 Rh6 94. Qg7 Rb6 95. Qc7 Rh6 96. Kf5 Kf8 97. Qd8+ Kf7 98. Qd7+ Kg8 99. Kg5 Rh7 100. Qe8+ Kg7 101. Qe5+ Kf8 102. Qd6+ Kg8 103. Qd8+ Kf7 104. Qd5+ Kf8 105. Kg6 Rg7+ 106. Kf6 Re7 107. Qd6 1-0

[Event "EWICC 2019"]
[Site "Antalya"]
[Date "2019.04.21"]
[Round "10.51"]
[White "Olde, Margareth"]
[Black "Teuschler, Barbara"]
[Result "1-0"]
[WhiteElo "2088"]
[BlackElo "2180"]
[Annotator "NA"]
[PlyCount "61"]
[EventDate "2019.04.11"]
[EventType "swiss"]
[EventCountry "TUR"]
[SourceTitle "playchess.com"]
[Source "ChessBase"]
[SourceQuality "1"]

1. d4 d5 2. c4 dxc4 3. Nf3 Nf6 4. e3 Bg4 5. Bxc4 e6 6. h3 Bh5 7. O-O Nc6 8. Nc3 Bd6 9. Be2 a6 10. a3 O-O 11. Qc2 Qe7 12. g4 Bg6 13. Bd3 Bxd3 14. Qxd3 Rad8 15. Qe2 Nd5 16. Ne1 f5 17. f4 fxg4 18. Qxg4 Rf6 19. Ng2 Rdf8 20. Bd2 Nxc3 21. Bxc3 Qf7 22. d5 Rg6 23. dxe6 Rxe6 24. Kh1 Rfe8 25. Rg1 Be7 26. f5 Rd6 27. Nf4 Bf6 28. Bxf6 Rxf6 29. Nh5 Rxf5 30. Qxg7+ Qxg7 31. Nxg7 1-0

[Event "EWICC 2019"]
[Site "Antalya"]
[Date "2019.04.21"]
[Round "10.52"]
[White "Motycakova, Monika"]
[Black "Palma, Maria"]
[Result "1-0"]
[WhiteElo "2174"]
[BlackElo "1998"]
[Annotator "NA"]
[PlyCount "73"]
[EventDate "2019.04.11"]
[EventType "swiss"]
[EventCountry "TUR"]
[SourceTitle "playchess.com"]
[Source "ChessBase"]
[SourceQuality "1"]

1. e4 e6 2. d4 d5 3. Nd2 c5 4. exd5 Qxd5 5. Ngf3 cxd4 6. Bc4 Qd6 7. O-O Nf6 8. Nb3 Nc6 9. Nbxd4 Nxd4 10. Nxd4 a6 11. Re1 Qc7 12. Bf1 Bd6 13. Nf5 Bxh2+ 14. Kh1 Kf8 15. Qd4 h6 16. Qb4+ Kg8 17. Ne7+ Kh7 18. Bd3+ g6 19. Qh4 Qxe7 20. Qxh2 Qc5 21. Qf4 Qg5 22. Qc7 Qh4+ 23. Kg1 Kg7 24. b3 Ng4 25. Bb2+ e5 26. Bxe5+ Nxe5 27. Rxe5 Qf6 28. Rae1 h5 29. Bc4 Rf8 30. Re7 Kh6 31. Bxf7 Bf5 32. Bd5 Bd7 33. Qxd7 Qxf2+ 34. Kh1 Qh4+ 35. Qh3 Rf1+ 36. Rxf1 Qxe7 37. Qg3 1-0